Statystyki dla Zgadnij państwo po piłkarzu.

Kliknij tutaj aby rozwiązać quiz!

Ogólne statystyki

  • Ten quiz został rozwiązany 286 razy
  • Średni wynik to 21 z 26

Statystyki odpowiedzi

KlubPiłkarzOdpowiedz% Poprawnych
PSGMessiArgentyna
99%
Bayern MonachiumLewandowskiPolska
98%
Borussia DortmundHalandNorwegia
90%
TottenhamLlorisFrancja
89%
TottenhamKaneAnglia
88%
Atletico MadrytSuarezUrugwaj
88%
LiverpoolVan DijkHolandia
87%
JuventusSzczesnyPolska
87%
HeroDudekPolska
84%
MilanIbrahimovicSzwecja
82%
LazioImmobileWłochy
82%
PSGVerrattiWłochy
80%
IconaYashinRosja
77%
BarcelonaAgueroArgentyna
76%
Manchester CityRodrigoHiszpania
76%
Atletico MadrytFelixPortugalia
76%
Manchester UnitedVarane
Francja
75%
PSGWijnaldumHolandia
75%
Manchester CityFodenAnglia
74%
LiverpoolFirminoBrazylia
74%
Real MadrytAlabaAustria
73%
M'gladbachSommerSzwajcaria
71%
Manchester UnitedSanchoAnglia
69%
Atletico MadrytLemarFrancja
68%
MonakoBen YedderFrancja
68%
IconaRushWalia
63%

Rozkład punktacji

Percentyl według liczby udzielonych odpowiedzi

Procent ludzi z każdym wynikiem

Twoja historia wyników

Nie rozwiązałeś tego quizu